<?xml version="1.0" encoding="UTF-8"?><?xml-stylesheet type="text/xsl" href="static/style.xsl"?><OAI-PMH xmlns="http://www.openarchives.org/OAI/2.0/" xmlns:xsi="http://www.w3.org/2001/XMLSchema-instance" xsi:schemaLocation="http://www.openarchives.org/OAI/2.0/ http://www.openarchives.org/OAI/2.0/OAI-PMH.xsd"><responseDate>2026-04-17T10:48:06Z</responseDate><request verb="GetRecord" identifier="oai:www.recercat.cat:20.500.14342/478" metadataPrefix="marc">https://recercat.cat/oai/request</request><GetRecord><record><header><identifier>oai:recercat.cat:20.500.14342/478</identifier><datestamp>2025-12-05T12:57:04Z</datestamp><setSpec>com_2072_482405</setSpec><setSpec>com_2072_183628</setSpec><setSpec>col_2072_482410</setSpec></header><metadata><record xmlns="http://www.loc.gov/MARC21/slim" xmlns:dcterms="http://purl.org/dc/terms/" xmlns:xsi="http://www.w3.org/2001/XMLSchema-instance" xmlns:doc="http://www.lyncode.com/xoai" xsi:schemaLocation="http://www.loc.gov/MARC21/slim http://www.loc.gov/standards/marcxml/schema/MARC21slim.xsd">
   <leader>00925njm 22002777a 4500</leader>
   <datafield ind2=" " ind1=" " tag="042">
      <subfield code="a">dc</subfield>
   </datafield>
   <datafield ind2=" " ind1=" " tag="720">
      <subfield code="a">Matilla, Kathy</subfield>
      <subfield code="e">author</subfield>
   </datafield>
   <datafield ind2=" " ind1=" " tag="720">
      <subfield code="a">Compte-Pujol, Marc</subfield>
      <subfield code="e">author</subfield>
   </datafield>
   <datafield ind2=" " ind1=" " tag="720">
      <subfield code="a">Hernández, Salvador</subfield>
      <subfield code="e">author</subfield>
   </datafield>
   <datafield ind2=" " ind1=" " tag="260">
      <subfield code="c">2018</subfield>
   </datafield>
   <datafield ind2=" " ind1=" " tag="520">
      <subfield code="a">La producción de artículos académicos sobre bibliometría de las relaciones públicas ha&#xd;
avanzado progresivamente a partir de los años 90 del s. XX. Mediante técnicas&#xd;
bibliométricas, examinamos diversas variables de dos revistas del buscador de la WoS, una&#xd;
norteamericana y otra surcoreana, con el mismo título: Journal of Public Relations Research.&#xd;
Aunque existen diferencias remarcables entre ambas revistas en el periodo de análisis&#xd;
(01.01.00 al 15.07.15), las convergencias son notables en las perspectivas dominantes de&#xd;
ambas revistas. En la discusión se especula sobre la naturaleza de las coincidencias y&#xd;
divergencias identificadas y en los factores que puedan ser su causa.</subfield>
   </datafield>
   <datafield ind2=" " ind1=" " tag="520">
      <subfield code="a">The production of specialized academic articles on bibliometrics of public relations has&#xd;
steadily advanced from the 90s of the 20th century. Using bibliometric techniques, this article&#xd;
examines different variables of two journals that appear in the WoS browser, one American&#xd;
and one South Korean, which have the same title: Journal of Public Relations Research.&#xd;
Although we found remarkable differences between both journals in the period of analysis (01.01.00 to 07.15.15), the convergences are notable in the dominant perspectives of both&#xd;
journals. Finally we speculate on the nature of the coincidences and differences identified&#xd;
and on the factors that may be the cause.</subfield>
   </datafield>
   <datafield ind1="8" ind2=" " tag="024">
      <subfield code="a">http://hdl.handle.net/20.500.14342/478</subfield>
   </datafield>
   <datafield ind1="8" ind2=" " tag="024">
      <subfield code="a">http://dx.doi.org/10.5783/RIRP-15-2018-04-43-62</subfield>
   </datafield>
   <datafield tag="653" ind2=" " ind1=" ">
      <subfield code="a">Bibliometria</subfield>
   </datafield>
   <datafield tag="653" ind2=" " ind1=" ">
      <subfield code="a">Relacions públiques</subfield>
   </datafield>
   <datafield tag="653" ind2=" " ind1=" ">
      <subfield code="a">Journal of Public Relations Research (Revista)</subfield>
   </datafield>
   <datafield ind2="0" ind1="0" tag="245">
      <subfield code="a">Journal of Public Relations Research: un análisis bibliométrico comparativo de dos revistas con el mismo título en el buscador de la Web of Science (WoS)</subfield>
   </datafield>
</record></metadata></record></GetRecord></OAI-PMH>